Vista normal
Vista MARC
Entrada Topical Term
Número de registros utilizados en: 1
001 - CONTROL NUMBER
- control field: 37489
003 - CONTROL NUMBER IDENTIFIER
- control field: OSt
005 - DATE AND TIME OF LATEST TRANSACTION
- control field: 20210506143630.0
008 - FIXED-LENGTH DATA ELEMENTS
- fixed length control field: 210506|| aca||aabn | a|a d
040 ## - CATALOGING SOURCE
- Original cataloging agency: OSt
- Transcribing agency: OSt
150 ## - HEADING--TOPICAL TERM
- Topical term or geographic name entry element: Sustentabilidad de negocios
670 ## - SOURCE DATA FOUND
- Source citation: Work cat.: (OSt)11665: García Camarero, Julio, author. 37488, El crecimiento mesurado y transitorio en el Sur /, 2013.